Residual land values - July 1995 (Record no. 100838)

MARC details
000 -LEADER
fixed length control field 00512cam a2200205 4500
001 - CONTROL NUMBER
control field J108601
008 - FIXED-LENGTH DATA ELEMENTS--GENERAL INFORMATION
fixed length control field 000000n1995 000 0 eng u
035 ## - SYSTEM CONTROL NUMBER
System control number (Sirsi) u108601
050 ## - LIBRARY OF CONGRESS CALL NUMBER
Classification number 333.33
110 ## - MAIN ENTRY--CORPORATE NAME
Corporate name or jurisdiction name as entry element Hillier Parker Research
9 (RLIN) 2002
245 ## - TITLE STATEMENT
Title Residual land values - July 1995
260 ## - PUBLICATION, DISTRIBUTION, ETC.
Place of publication, distribution, etc. London
Name of publisher, distributor, etc. Hiller Parker
Date of publication, distribution, etc. 1995
300 ## - PHYSICAL DESCRIPTION
Extent 2p. ; 30cm.
650 ## - SUBJECT ADDED ENTRY--TOPICAL TERM
Topical term or geographic name entry element RESIDUAL LAND VALUES
650 ## - SUBJECT ADDED ENTRY--TOPICAL TERM
Topical term or geographic name entry element OFFICES
650 ## - SUBJECT ADDED ENTRY--TOPICAL TERM
Topical term or geographic name entry element RENTS
650 ## - SUBJECT ADDED ENTRY--TOPICAL TERM
Topical term or geographic name entry element LONDON
690 ## - LOCAL SUBJECT ADDED ENTRY--TOPICAL TERM (OCLC, RLIN)
Topical term or geographic name as entry element COMMERICAL PROPERTY
942 ## - ADDED ENTRY ELEMENTS (KOHA)
Suppress in OPAC 0
Holdings
Withdrawn status Lost status Source of classification or shelving scheme Damaged status Not for loan Home library Current library Shelving location Date acquired Total Checkouts Full call number Barcode Date last seen Copy number Price effective from Koha item type
    Dewey Decimal Classification     London London Property market reports 03/10/2000   PROPERTY MARKET REPORTS 30062339 06/08/2019 1 06/08/2019 Reference material